ბათუმის შოთა რუსთაველის სახელმწიფო უნივერსიტეტის ბიბლიოთეკა

Квантовая электроника=маленькие энциклопедии: история, наука, техника, культура, жизнь. (ბიბ.ჩანაწერი № 41293)

000 -LEADER
fixed length control field 00902nam a2200217Ia 4500
001 - CONTROL NUMBER
control field 7950
003 - CONTROL NUMBER IDENTIFIER
control field GE_BSU
008 - FIXED-LENGTH DATA ELEMENTS--GENERAL INFORMATION
fixed length control field 181216s||||||||xx |||||||||||||| ||und||
040 ## - CATALOGING SOURCE
Transcribing agency GE_BSU
080 ## - UNIVERSAL DECIMAL CLASSIFICATION NUMBER
Universal Decimal Classification number 621.38(031)
245 ## - TITLE STATEMENT
Title Квантовая электроника=маленькие энциклопедии: история, наука, техника, культура, жизнь.
245 ## - TITLE STATEMENT
Statement of responsibility, etc. Отв. ред.М.Е.Жаботинский.
260 ## - PUBLICATION, DISTRIBUTION, ETC.
Place of publication, distribution, etc. Москва
260 ## - PUBLICATION, DISTRIBUTION, ETC.
Name of publisher, distributor, etc. СоветскаяЭ энциклопедия.
260 ## - PUBLICATION, DISTRIBUTION, ETC.
Date of publication, distribution, etc. 1969.
300 ## - PHYSICAL DESCRIPTION
Extent 432стр. с илл. 22см.
653 ## - INDEX TERM--UNCONTROLLED
Uncontrolled term Квантовая электроника=маленькие энциклопедии: история, наука, техника, культура, жизнь.
653 ## - INDEX TERM--UNCONTROLLED
Uncontrolled term კვანტური ელექტრონიკა
653 ## - INDEX TERM--UNCONTROLLED
Uncontrolled term ტექნიკა
942 ## - ADDED ENTRY ELEMENTS (KOHA)
Koha item type წიგნი
ეგზემპლარები
Withdrawn status Lost status Damaged status Not for loan Date acquired Barcode Date last seen Price effective from Koha item type
        2018-12-17 11045 2018-12-17 2018-12-17 წიგნი
        2018-12-17 11046 2018-12-17 2018-12-17 წიგნი